[Event "36. Copenhagen Open (Politiken Cup)"]
[Site "Elsinore"]
[Date "2014.07.22"]
[Round "3"]
[White "Rapport, Richard"]
[Black "Petersen, Tom Petri"]
[Result "1-0"]
[WhiteElo "2701"]
[BlackElo "2334"]
[PlyCount "91"]
[EventDate "2014.07.21"]
[EventType "swiss"]
[EventRounds "10"]
[EventCountry "DEN"]
[Source "ChessBase"]
[SourceDate "2014.08.29"]

1. b3 e5 2. Bb2 Nc6 3. e3 Nf6 4. Bb5 d6 5. Bxc6+ bxc6 6. Ne2 Be7 7. O-O O-O 8.
f4 Nd7 9. Nbc3 d5 10. Na4 Bd6 11. Qe1 Qe7 12. Kh1 f6 13. fxe5 fxe5 14. Rxf8+
Nxf8 15. Ng3 Ng6 16. Qe2 Bd7 17. Rf1 Rf8 18. Rxf8+ Qxf8 19. Kg1 Bc8 20. c4 Ba6
21. Qg4 Qf7 22. cxd5 cxd5 23. h4 Ne7 24. Nc3 Bc8 25. Qa4 c6 26. Ba3 Bxa3 27.
Qxa3 Nf5 28. Nxf5 Bxf5 29. Qd6 Qe8 30. b4 h6 31. a4 Kh7 32. b5 cxb5 33. axb5
Be4 34. Nxe4 dxe4 35. Qd5 Kh8 36. Kh2 Qb8 37. Kg3 Qe8 38. Kh2 Qb8 39. Qc6 Kg8
40. Kg3 Kf7 41. Qd7+ Kf6 42. h5 Qb6 43. Qe8 Kf5 44. Qf7+ Qf6 45. Qd7+ Qe6 46.
Qxg7 1-0

[Event "36. Copenhagen Open (Politiken Cup)"]
[Site "Elsinore"]
[Date "2014.07.22"]
[Round "3"]
[White "Rasmussen, Allan Stig"]
[Black "Rydstrom, Tom"]
[Result "1-0"]
[WhiteElo "2522"]
[BlackElo "2234"]
[PlyCount "51"]
[EventDate "2014.07.21"]
[EventType "swiss"]
[EventRounds "10"]
[EventCountry "DEN"]
[Source "ChessBase"]
[SourceDate "2014.08.29"]

1. c4 Nf6 2. Nc3 e5 3. e3 d5 4. cxd5 Nxd5 5. Nf3 Nxc3 6. bxc3 Bd6 7. d4 Nd7 8.
Bd3 O-O 9. Qc2 h6 10. O-O Qe7 11. e4 Rd8 12. Be3 b6 13. Rae1 Bb7 14. Kh1 Re8
15. dxe5 Bxe5 16. Nd2 Bd6 17. f4 Nc5 18. Bxc5 Bxc5 19. e5 Rad8 20. Bb5 c6 21.
Bc4 b5 22. Bb3 Qd7 23. Ne4 Bf8 24. Nf6+ gxf6 25. Qg6+ Kh8 26. Bxf7 1-0

[Event "36. Copenhagen Open (Politiken Cup)"]
[Site "Elsinore"]
[Date "2014.07.22"]
[Round "3"]
[White "Rasmussen, Henning1"]
[Black "Rimer, Jan"]
[Result "0-1"]
[WhiteElo "1826"]
[BlackElo "2039"]
[PlyCount "108"]
[EventDate "2014.07.21"]
[EventType "swiss"]
[EventRounds "10"]
[EventCountry "DEN"]
[Source "ChessBase"]
[SourceDate "2014.08.29"]

1. d4 c5 2. d5 g6 3. Bd2 Bg7 4. Bc3 Nf6 5. e4 d6 6. Bb5+ Bd7 7. Qe2 O-O 8. Bxd7
Nbxd7 9. Nf3 b5 10. Qxb5 Nxe4 11. Bxg7 Kxg7 12. O-O Nef6 13. Qd3 Rb8 14. b3 Nb6
15. c4 Qd7 16. Nc3 e5 17. dxe6 fxe6 18. Rad1 Rbd8 19. Ne4 Nxe4 20. Qxe4 Qe7 21.
Rfe1 e5 22. Qh4 Qxh4 23. Nxh4 h6 24. Nf3 Kf6 25. Nd2 Ke6 26. Ne4 Rd7 27. f3 Nc8
28. Rd2 Ne7 29. Red1 Rfd8 30. Kf2 Nf5 31. Nc3 Nd4 32. Nd5 Rf7 33. Re1 g5 34. h3
h5 35. Ne3 Rdf8 36. Kg1 Rxf3 37. Rxd4 cxd4 38. gxf3 dxe3 39. Rxe3 Rf4 40. Kg2
Rd4 41. Re2 Kf5 42. Rc2 Kf4 43. b4 Ke3 44. c5 Kd3 45. Rb2 dxc5 46. bxc5 Rc4 47.
Rb3+ Kd4 48. Ra3 h4 49. Rxa7 Rc2+ 50. Kf1 Rxc5 51. Ra4+ Ke3 52. Ra3+ Kf4 53.
Kf2 Rc2+ 54. Ke1 Rh2 0-1

[Event "36. Copenhagen Open (Politiken Cup)"]
[Site "Elsinore"]
[Date "2014.07.22"]
[Round "3"]
[White "Rasmussen, Lars"]
[Black "Christiansen, Niels Jorgen"]
[Result "1-0"]
[WhiteElo "1984"]
[BlackElo "1664"]
[PlyCount "59"]
[EventDate "2014.07.21"]
[EventType "swiss"]
[EventRounds "10"]
[EventCountry "DEN"]
[Source "ChessBase"]
[SourceDate "2014.08.29"]

1. e4 c5 2. Nf3 Nc6 3. d4 cxd4 4. Nxd4 e6 5. Nc3 a6 6. Be2 d6 7. O-O Be7 8. Be3
Nf6 9. f4 O-O 10. Qe1 Qc7 11. Qg3 b5 12. e5 dxe5 13. Nxc6 Qxc6 14. fxe5 Nd5 15.
Bh6 Bc5+ 16. Kh1 g6 17. Bxf8 Kxf8 18. Qf3 Qc7 19. Nxd5 exd5 20. Qxd5 Bb7 21.
Qb3 Rd8 22. Bf3 Kg7 23. Bxb7 Qxb7 24. Rf3 Rd7 25. e6 fxe6 26. Qxe6 Bd4 27. c3
Re7 28. Qd6 Be5 29. Qd8 Rf7 30. Raf1 1-0

[Event "36. Copenhagen Open (Politiken Cup)"]
[Site "Elsinore"]
[Date "2014.07.22"]
[Round "3"]
[White "Rendlev, Niels Moller"]
[Black "Starup, Leo"]
[Result "0-1"]
[WhiteElo "1790"]
[BlackElo "1594"]
[PlyCount "96"]
[EventDate "2014.07.21"]
[EventType "swiss"]
[EventRounds "10"]
[EventCountry "DEN"]
[Source "ChessBase"]
[SourceDate "2014.08.29"]

1. g3 d5 2. f4 Nf6 3. Bg2 e6 4. Nf3 b6 5. d3 Bb7 6. e3 Bd6 7. O-O O-O 8. Nc3
Nbd7 9. Qe2 Re8 10. e4 dxe4 11. dxe4 a5 12. Rd1 Ba6 13. Qe1 Ng4 14. e5 Bc5+ 15.
Nd4 Ndxe5 16. Be3 Nxe3 17. Qxe3 Nc4 18. Qe4 Nxb2 19. Kh1 Nxd1 20. Rxd1 Qf6 21.
Ncb5 Bxb5 22. Nxb5 Rad8 23. Rb1 Re7 24. Qc6 Red7 25. Bf3 Qe7 26. a4 Bd4 27. c3
Bc5 28. Bg4 Bd6 29. Bf3 Qf6 30. Rd1 Qe7 31. Na7 Bc5 32. Rb1 Rd3 33. Nb5 Rxf3
34. Qxf3 Qd7 35. Kg2 h6 36. c4 Qd2+ 37. Kh3 Qd7 38. Nc3 Qd3 39. Qxd3 Rxd3 40.
Ne4 Bb4 41. Rc1 f5 42. Nf2 Rd2 43. Nd1 g5 44. fxg5 hxg5 45. Ne3 g4+ 46. Nxg4
fxg4+ 47. Kxg4 Rxh2 48. Rd1 Bd6 0-1

[Event "36. Copenhagen Open (Politiken Cup)"]
[Site "Elsinore"]
[Date "2014.07.22"]
[Round "3"]
[White "Robertsen, Bjorn"]
[Black "Tandrup, Michael"]
[Result "1/2-1/2"]
[WhiteElo "1594"]
[BlackElo "2019"]
[PlyCount "93"]
[EventDate "2014.07.21"]
[EventType "swiss"]
[EventRounds "10"]
[EventCountry "DEN"]
[Source "ChessBase"]
[SourceDate "2014.08.29"]

1. e4 c5 2. Nf3 Nc6 3. d4 cxd4 4. Nxd4 e5 5. Nb5 d6 6. N1c3 a6 7. Na3 b5 8. Nd5
Nf6 9. Bg5 Be7 10. Bxf6 Bxf6 11. Be2 Bg5 12. Bg4 O-O 13. O-O Ne7 14. c4 Bxg4
15. Nxe7+ Qxe7 16. Qxg4 b4 17. Nc2 a5 18. Rfe1 Rac8 19. b3 Bh6 20. Ne3 Bxe3 21.
Rxe3 Qa7 22. Rd3 a4 23. Rad1 axb3 24. axb3 Qa3 25. Qf3 Rfd8 26. Rxd6 Rxd6 27.
Rxd6 Ra8 28. h3 h6 29. Kh2 Qc1 30. Rd7 Rf8 31. Qe3 Qc2 32. Rd2 Qb1 33. Rd5 Qb2
34. Rd2 Qb1 35. Qd3 Qa1 36. f3 h5 37. Rd1 Qb2 38. Rb1 Qf2 39. Rf1 Qb2 40. Qb1
Qd2 41. Qe1 Qd3 42. Qd1 Qe3 43. Re1 Qg5 44. Qc1 Qe7 45. Rd1 Ra8 46. Rd5 Ra2 47.
Qb1 1/2-1/2

[Event "36. Copenhagen Open (Politiken Cup)"]
[Site "Elsinore"]
[Date "2014.07.22"]
[Round "3"]
[White "Roser, Kevin"]
[Black "Skou, Niels"]
[Result "1-0"]
[WhiteElo "2406"]
[BlackElo "2141"]
[PlyCount "55"]
[EventDate "2014.07.21"]
[EventType "swiss"]
[EventRounds "10"]
[EventCountry "DEN"]
[Source "ChessBase"]
[SourceDate "2014.08.29"]

1. e4 d5 2. exd5 Nf6 3. Nf3 Nxd5 4. d4 g6 5. c4 Nb6 6. Nc3 Bg7 7. c5 Nd5 8. Bc4
c6 9. O-O O-O 10. Re1 Bg4 11. Bg5 h6 12. Bh4 g5 13. Bg3 b6 14. Qb3 Nxc3 15.
bxc3 b5 16. Bd3 Nd7 17. Bb1 Bh5 18. a4 bxa4 19. Qxa4 f5 20. Ne5 f4 21. Nxc6
fxg3 22. hxg3 Qc7 23. Nxe7+ Kh8 24. Nd5 Qb7 25. c6 Qb2 26. Ra2 Nb6 27. Qa6 Be2
28. Qb7 1-0

[Event "36. Copenhagen Open (Politiken Cup)"]
[Site "Elsinore"]
[Date "2014.07.22"]
[Round "3"]
[White "Salomon, Johan"]
[Black "Tryggestad, Andreas Garberg"]
[Result "1-0"]
[WhiteElo "2346"]
[BlackElo "1912"]
[PlyCount "41"]
[EventDate "2014.07.21"]
[EventType "swiss"]
[EventRounds "10"]
[EventCountry "DEN"]
[Source "ChessBase"]
[SourceDate "2014.08.29"]

1. Nf3 Nf6 2. c4 g6 3. Nc3 d5 4. Qa4+ Bd7 5. Qb3 dxc4 6. Qxc4 Bg7 7. e4 O-O 8.
e5 Ne8 9. d4 c6 10. Qb4 b5 11. Bg5 f6 12. Qb3+ Kh8 13. Bf4 fxe5 14. Bxe5 Nd6
15. Be2 Na6 16. h4 Nc7 17. h5 Be8 18. Ng5 Qd7 19. Nxh7 Kxh7 20. hxg6+ Kxg6 21.
Bh5+ 1-0

[Event "36. Copenhagen Open (Politiken Cup)"]
[Site "Elsinore"]
[Date "2014.07.22"]
[Round "3"]
[White "Schultz Pedersen, Jesper"]
[Black "Fricano, Paul Royal"]
[Result "1-0"]
[WhiteElo "2235"]
[BlackElo "2013"]
[PlyCount "87"]
[EventDate "2014.07.21"]
[EventType "swiss"]
[EventRounds "10"]
[EventCountry "DEN"]
[Source "ChessBase"]
[SourceDate "2014.08.29"]

1. e4 d6 2. Nc3 Nf6 3. f4 d5 4. e5 d4 5. exf6 dxc3 6. fxg7 cxd2+ 7. Qxd2 Qxd2+
8. Bxd2 Bxg7 9. O-O-O Bd7 10. Be2 Nc6 11. Nf3 Bf6 12. Be3 Rg8 13. g3 Bg4 14.
Rhe1 Rg6 15. Nd4 Bxe2 16. Rxe2 Nxd4 17. Bxd4 Rd8 18. Bxf6 Rxd1+ 19. Kxd1 Rxf6
20. Ke1 Rh6 21. Kf1 Kd7 22. Kg2 c5 23. g4 b5 24. Kg3 Ra6 25. a3 b4 26. axb4
cxb4 27. Re4 Rb6 28. g5 a5 29. b3 Rc6 30. Re2 Kd6 31. Kg4 Rc3 32. h4 e6 33. h5
a4 34. bxa4 Kd5 35. a5 Ra3 36. f5 exf5+ 37. Kxf5 Rf3+ 38. Kg4 Rf1 39. a6 Rg1+
40. Kf4 Rf1+ 41. Ke3 b3 42. cxb3 Ra1 43. Rf2 Rxa6 44. Rf5+ 1-0

[Event "36. Copenhagen Open (Politiken Cup)"]
[Site "Elsinore"]
[Date "2014.07.22"]
[Round "3"]
[White "Skjoldager, Flemming"]
[Black "Mortensen, Jan T"]
[Result "1-0"]
[WhiteElo "1882"]
[BlackElo "2083"]
[PlyCount "91"]
[EventDate "2014.07.21"]
[EventType "swiss"]
[EventRounds "10"]
[EventCountry "DEN"]
[Source "ChessBase"]
[SourceDate "2014.08.29"]

1. Nf3 e6 2. c4 f5 3. Nc3 Nf6 4. d4 d6 5. e3 Be7 6. Bd3 O-O 7. O-O b6 8. Qe2
Bb7 9. e4 Qd7 10. Re1 Re8 11. exf5 exf5 12. d5 Na6 13. Be3 Bf8 14. Qf1 Nc5 15.
Bc2 g6 16. Bxc5 bxc5 17. Rxe8 Nxe8 18. Re1 Ng7 19. Ba4 Qd8 20. Qd3 Be7 21. g3
Bf6 22. Kg2 Ba6 23. Bc6 Rb8 24. b3 Bc8 25. h3 Bd7 26. Bxd7 Qxd7 27. Nb5 a6 28.
Na7 Rf8 29. Nc6 g5 30. Qd2 h6 31. Nh2 Bd8 32. Qd3 g4 33. hxg4 fxg4 34. Re2 h5
35. Qg6 Rf6 36. Qe4 Rf8 37. Qg6 Rf6 38. Qe4 Kf7 39. Qh7 Rg6 40. Nxd8+ Qxd8 41.
Re4 Rf6 42. f3 gxf3+ 43. Nxf3 Rf5 44. Re6 Qf8 45. Rg6 Qg8 46. Rxg7+ 1-0

[Event "36. Copenhagen Open (Politiken Cup)"]
[Site "Elsinore"]
[Date "2014.07.22"]
[Round "3"]
[White "Stojanovski, Sandi"]
[Black "Eriksson, Kristian"]
[Result "1/2-1/2"]
[WhiteElo "2230"]
[BlackElo "2058"]
[PlyCount "66"]
[EventDate "2014.07.21"]
[EventType "swiss"]
[EventRounds "10"]
[EventCountry "DEN"]
[Source "ChessBase"]
[SourceDate "2014.08.29"]

1. Nf3 Nf6 2. c4 e6 3. g3 c5 4. Bg2 Nc6 5. O-O Be7 6. d4 d5 7. cxd5 exd5 8. Nc3
O-O 9. Bg5 Be6 10. Rc1 c4 11. Ne5 Ne8 12. Nxc6 bxc6 13. Bxe7 Qxe7 14. e4 Rd8
15. Re1 Qb7 16. exd5 cxd5 17. b3 cxb3 18. Qxb3 Qd7 19. Na4 Bh3 20. Nc5 Qg4 21.
Qf3 Qxf3 22. Bxf3 Nf6 23. Re7 a5 24. Ra7 Ra8 25. Rxa8 Rxa8 26. Nd3 Rc8 27.
Rxc8+ Bxc8 28. Nc5 Kf8 29. Be2 Ne4 30. Nxe4 dxe4 31. f3 exf3 32. Bxf3 Ke7 33.
Kf2 Kf6 1/2-1/2

[Event "36. Copenhagen Open (Politiken Cup)"]
[Site "Elsinore"]
[Date "2014.07.22"]
[Round "3"]
[White "Stray, Gunnar"]
[Black "Leite, Steinar"]
[Result "1-0"]
[WhiteElo "2053"]
[BlackElo "1760"]
[PlyCount "27"]
[EventDate "2014.07.21"]
[EventType "swiss"]
[EventRounds "10"]
[EventCountry "DEN"]
[Source "ChessBase"]
[SourceDate "2014.08.29"]

1. d4 e6 2. Nf3 f5 3. h3 Nf6 4. g4 fxg4 5. hxg4 d5 6. Qd3 b6 7. Ne5 Bb7 8. Bg5
Nbd7 9. Nd2 Be7 10. Rxh7 O-O 11. Bxf6 Nxf6 12. Rh2 Ne4 13. Qh3 Bh4 14. Nxe4 1-0

[Event "36. Copenhagen Open (Politiken Cup)"]
[Site "Elsinore"]
[Date "2014.07.22"]
[Round "3"]
[White "Stuhr, Finn"]
[Black "Merkesvik, Frode"]
[Result "1-0"]
[WhiteElo "1800"]
[BlackElo "1633"]
[PlyCount "117"]
[EventDate "2014.07.21"]
[EventType "swiss"]
[EventRounds "10"]
[EventCountry "DEN"]
[Source "ChessBase"]
[SourceDate "2014.08.29"]

1. e4 e5 2. Nf3 d6 3. c3 Nf6 4. Qc2 Nc6 5. Bb5 a6 6. Ba4 b5 7. Bb3 Na5 8. a4
Nxb3 9. Qxb3 Be6 10. Qc2 Bd7 11. axb5 axb5 12. Rxa8 Qxa8 13. d3 c5 14. Na3 Be7
15. Qb3 Qa4 16. Qxa4 bxa4 17. O-O O-O 18. Bg5 h6 19. Bh4 g5 20. Bg3 Nh5 21. h3
Nxg3 22. fxg3 f5 23. Nc4 fxe4 24. dxe4 Bb5 25. Nfd2 Rxf1+ 26. Kxf1 Kf7 27. Kf2
Ke6 28. Ne3 Bc6 29. c4 h5 30. Nf5 Bxe4 31. Nxe7 Bxg2 32. Kxg2 Kxe7 33. Ne4 g4
34. hxg4 hxg4 35. Nf2 Ke6 36. Nxg4 d5 37. cxd5+ Kxd5 38. Kf3 c4 39. Ne3+ Kd4
40. Nc2+ Kd3 41. Nb4+ Kd4 42. g4 c3 43. bxc3+ Kxc3 44. Na2+ Kb2 45. g5 Kxa2 46.
g6 Kb2 47. g7 a3 48. g8=Q a2 49. Qb8+ Kc2 50. Qc7+ Kb1 51. Qb6+ Kc1 52. Qc5+
Kb1 53. Qb4+ Kc2 54. Qa3 Kb1 55. Qb3+ Ka1 56. Ke2 e4 57. Kd1 e3 58. Kc1 e2 59.
Qb2# 1-0

[Event "36. Copenhagen Open (Politiken Cup)"]
[Site "Elsinore"]
[Date "2014.07.22"]
[Round "3"]
[White "Thaler, Matthias"]
[Black "Molin, Claus"]
[Result "1-0"]
[WhiteElo "2199"]
[BlackElo "2002"]
[PlyCount "41"]
[EventDate "2014.07.21"]
[EventType "swiss"]
[EventRounds "10"]
[EventCountry "DEN"]
[Source "ChessBase"]
[SourceDate "2014.08.29"]

1. d4 Nf6 2. Bf4 e6 3. e3 d5 4. Nf3 c5 5. Nbd2 Nc6 6. c3 Be7 7. Ne5 O-O 8. Bd3
Bd7 9. Qf3 Ne8 10. Qh3 f5 11. g4 g6 12. Ndf3 Bf6 13. Rg1 Qe7 14. gxf5 exf5 15.
Nxd7 Qxd7 16. Bxf5 Qe7 17. Bxg6 hxg6 18. Rxg6+ Ng7 19. O-O-O Rad8 20. Rdg1 Rd7
21. Bg5 1-0

[Event "36. Copenhagen Open (Politiken Cup)"]
[Site "Elsinore"]
[Date "2014.07.22"]
[Round "3"]
[White "Thaler, Toni"]
[Black "Frederiksen Kristian, Pade"]
[Result "1/2-1/2"]
[WhiteElo "2081"]
[BlackElo "1828"]
[PlyCount "67"]
[EventDate "2014.07.21"]
[EventType "swiss"]
[EventRounds "10"]
[EventCountry "DEN"]
[Source "ChessBase"]
[SourceDate "2014.08.29"]

1. d4 Nf6 2. c4 g6 3. f3 d6 4. e4 Bg7 5. Nc3 O-O 6. Nge2 a6 7. Be3 e5 8. Qd2
Nbd7 9. d5 Nh5 10. g4 Nf4 11. Nxf4 exf4 12. Bxf4 Ne5 13. Be2 Qh4+ 14. Bg3 Qf6
15. O-O g5 16. h4 gxh4 17. g5 Qg6 18. f4 Nxc4 19. Bxc4 hxg3 20. f5 Bxc3 21.
bxc3 Qh5 22. Rae1 Re8 23. Re2 Re5 24. Bd3 Bd7 25. Rg2 Rae8 26. Rxg3 Rxe4 27.
Bxe4 Rxe4 28. Rf2 Rh4 29. Rh2 Rxh2 30. Qxh2 Qd1+ 31. Kf2 Qd2+ 32. Kg1 Qd1+ 33.
Kf2 Qd2+ 34. Kg1 1/2-1/2

[Event "36. Copenhagen Open (Politiken Cup)"]
[Site "Elsinore"]
[Date "2014.07.22"]
[Round "3"]
[White "Thomsen, Kim"]
[Black "Evertsson, Lennart"]
[Result "1-0"]
[WhiteElo "1994"]
[BlackElo "2196"]
[PlyCount "97"]
[EventDate "2014.07.21"]
[EventType "swiss"]
[EventRounds "10"]
[EventCountry "DEN"]
[Source "ChessBase"]
[SourceDate "2014.08.29"]

1. d4 Nf6 2. c4 c5 3. d5 e6 4. Nc3 exd5 5. cxd5 d6 6. e4 g6 7. Be2 Bg7 8. Bf4
O-O 9. h3 Re8 10. Qc2 Na6 11. Nf3 Nh5 12. Bh2 f5 13. Nd2 Nf6 14. f3 Qe7 15. O-O
Nc7 16. a4 Bh6 17. Nc4 Rd8 18. Bd3 f4 19. e5 dxe5 20. d6 Rxd6 21. Nxd6 Qxd6 22.
Rad1 Qe7 23. Rfe1 Kg7 24. Re2 c4 25. Be4 Ne6 26. Red2 Nc5 27. Kh1 Be6 28. Bg1
Rc8 29. Nd5 Qf7 30. Nxf6 Kxf6 31. Bd5 Bf8 32. Qxc4 a5 33. Qb5 Qc7 34. Bxe6 Nxe6
35. Rd7 Qc2 36. Qxb7 g5 37. Rf7+ Kg6 38. Rxh7 Ng7 39. Rxg7+ Bxg7 40. Rd7 Bf6
41. Qd5 Qc4 42. Qxa5 Rb8 43. Rc7 Qb3 44. Qa6 e4 45. Qc6 Qd3 46. Qe6 exf3 47.
Qf7+ Kh6 48. Qxf6+ Kh5 49. Qf7+ 1-0

[Event "36. Copenhagen Open (Politiken Cup)"]
[Site "Elsinore"]
[Date "2014.07.22"]
[Round "3"]
[White "Thuesen, Mogens Henrik"]
[Black "Sorensen, Dick"]
[Result "1-0"]
[WhiteElo "2196"]
[BlackElo "1977"]
[PlyCount "79"]
[EventDate "2014.07.21"]
[EventType "swiss"]
[EventRounds "10"]
[EventCountry "DEN"]
[Source "ChessBase"]
[SourceDate "2014.08.29"]

1. d4 d5 2. c4 e6 3. Nc3 f5 4. Bf4 c6 5. e3 Nf6 6. Bd3 Bd6 7. Bxd6 Qxd6 8. Nf3
O-O 9. O-O b6 10. Ne5 g6 11. Qa4 Bb7 12. Rac1 Nbd7 13. f4 Ne4 14. Bxe4 fxe4 15.
b4 a5 16. c5 bxc5 17. bxc5 Qc7 18. Nxd7 Qxd7 19. Rf2 g5 20. Qd1 gxf4 21. Qg4+
Qg7 22. Rxf4 Rxf4 23. Qxg7+ Kxg7 24. exf4 Ba6 25. Kf2 Bd3 26. Na4 Ra7 27. Ke3
Kf6 28. g4 h6 29. Nb6 a4 30. h4 a3 31. g5+ hxg5 32. hxg5+ Kg7 33. Rc3 Bb1 34.
Nc8 Ra4 35. Rb3 Bxa2 36. Rb7+ Kf8 37. g6 Bc4 38. Rf7+ Ke8 39. Nd6+ Kd8 40. g7
1-0

[Event "36. Copenhagen Open (Politiken Cup)"]
[Site "Elsinore"]
[Date "2014.07.22"]
[Round "3"]
[White "Thybo, Jan"]
[Black "Hansen, Anders1"]
[Result "0-1"]
[WhiteElo "1347"]
[BlackElo "1735"]
[PlyCount "70"]
[EventDate "2014.07.21"]
[EventType "swiss"]
[EventRounds "10"]
[EventCountry "DEN"]
[Source "ChessBase"]
[SourceDate "2014.08.29"]

1. e4 c5 2. Nc3 Nc6 3. g3 e6 4. Bg2 Qc7 5. d3 a6 6. a3 Nf6 7. Nge2 b5 8. O-O
Bb7 9. Nf4 Bd6 10. Nh5 O-O-O 11. Nxf6 gxf6 12. Ne2 h5 13. f4 Rdg8 14. Qe1 Rg7
15. Rf3 Rhg8 16. Qf2 h4 17. Be3 Nd8 18. gxh4 Rxg2+ 19. Qxg2 Rxg2+ 20. Kxg2 f5
21. Nc3 fxe4 22. Nxe4 f5 23. Nxd6+ Qxd6 24. Raf1 e5 25. Kg3 Bxf3 26. fxe5 Qxe5+
27. Bf4 Qxb2 28. Rxf3 Qg7+ 29. Bg5 Qg6 30. c4 Ne6 31. cxb5 axb5 32. Rf1 Kc7 33.
Kh3 Nxg5+ 34. hxg5 Qxg5 35. Rf3 Qg4# 0-1

[Event "36. Copenhagen Open (Politiken Cup)"]
[Site "Elsinore"]
[Date "2014.07.22"]
[Round "3"]
[White "Thybo, Jesper Sondergaard"]
[Black "Subramanian, Aditya"]
[Result "1-0"]
[WhiteElo "2121"]
[BlackElo "1938"]
[PlyCount "91"]
[EventDate "2014.07.21"]
[EventType "swiss"]
[EventRounds "10"]
[EventCountry "DEN"]
[Source "ChessBase"]
[SourceDate "2014.08.29"]

1. c4 Nf6 2. Nc3 e6 3. g3 d5 4. d4 Bb4 5. Bg2 O-O 6. Nf3 dxc4 7. O-O c5 8. dxc5
Nc6 9. Qa4 Bd7 10. Bf4 Bxc5 11. Qxc4 Be7 12. Ne5 Rc8 13. Nxd7 Qxd7 14. Rfd1 Qe8
15. Qb5 b6 16. Qa6 Bc5 17. Bg5 Nd5 18. Bxd5 Nb4 19. Qxa7 exd5 20. Qa4 d4 21.
Qxe8 Rfxe8 22. Na4 Rxe2 23. a3 Nc2 24. Rac1 h6 25. Kf1 Rce8 26. Bf4 g5 27. Bc7
d3 28. Nxc5 d2 29. Rb1 Re1+ 30. Kg2 R8e2 31. Kf3 Nd4+ 32. Kg2 bxc5 33. Ba5 Nb3
34. Rxe1 dxe1=Q 35. Bxe1 Nd2 36. Bxd2 Rxd2 37. b4 c4 38. b5 c3 39. Rc1 Rb2 40.
a4 c2 41. Kf3 Kf8 42. Ke4 Ke7 43. Kd5 Rb4 44. Rxc2 Rxa4 45. Kc6 Ra8 46. Kb7 1-0

[Event "36. Copenhagen Open (Politiken Cup)"]
[Site "Elsinore"]
[Date "2014.07.22"]
[Round "3"]
[White "Tleptsok, Ruslan"]
[Black "Zude, Erik"]
[Result "1/2-1/2"]
[WhiteElo "2212"]
[BlackElo "2381"]
[PlyCount "81"]
[EventDate "2014.07.21"]
[EventType "swiss"]
[EventRounds "10"]
[EventCountry "DEN"]
[Source "ChessBase"]
[SourceDate "2014.08.29"]

1. e4 e5 2. Nf3 d6 3. d4 exd4 4. Nxd4 Nf6 5. Nc3 Be7 6. Be2 O-O 7. O-O Re8 8.
Re1 a6 9. a4 Nc6 10. Bf4 Nb4 11. h3 h6 12. Bc4 c5 13. Nf3 Be6 14. Nd5 Nbxd5 15.
exd5 Bf5 16. Ra3 Bf8 17. Rae3 Rxe3 18. Rxe3 Qa5 19. Bb3 b5 20. axb5 axb5 21. c4
Qa1 22. Re1 Qxb2 23. cxb5 Ne4 24. Nd2 Nc3 25. Qf3 Ra1 26. Rxa1 Qxa1+ 27. Kh2
Nxb5 28. Qe2 Bd7 29. Nf3 Nd4 30. Nxd4 Qxd4 31. Bg3 f5 32. f3 Kf7 33. Qa6 f4 34.
Bh4 g5 35. Qb7 Ke7 36. Be1 Qb2 37. Bc3 Qxc3 38. Ba4 Qe1 39. Bxd7 Qg3+ 40. Kh1
Qe1+ 41. Kh2 1/2-1/2

[Event "36. Copenhagen Open (Politiken Cup)"]
[Site "Elsinore"]
[Date "2014.07.22"]
[Round "3"]
[White "Ulberth, Nicolas"]
[Black "Sajjadi, Kimiya"]
[Result "0-1"]
[WhiteElo "1809"]
[BlackElo "1531"]
[PlyCount "76"]
[EventDate "2014.07.21"]
[EventType "swiss"]
[EventRounds "10"]
[EventCountry "DEN"]
[Source "ChessBase"]
[SourceDate "2014.08.29"]

1. d4 Nf6 2. c4 g6 3. Nc3 Bg7 4. Nf3 O-O 5. e4 d6 6. h3 e5 7. d5 Nh5 8. Bd3 Nf4
9. Bxf4 exf4 10. Qd2 f5 11. O-O fxe4 12. Bxe4 Nd7 13. Rfe1 Ne5 14. Nxe5 Bxe5
15. Rab1 Bxh3 16. gxh3 f3 17. Ne2 Qh4 18. Ng3 Qxh3 19. Bxf3 Rxf3 20. Rxe5 Rxg3+
21. fxg3 Qxg3+ 22. Kh1 Qxe5 23. Re1 Qh5+ 24. Kg2 Rf8 25. Qe3 g5 26. Qe6+ Qf7
27. Qe3 h6 28. Rh1 Kg7 29. Re1 Qf6 30. Re2 g4 31. Kg3 h5 32. Rh2 Qf3+ 33. Qxf3
Rxf3+ 34. Kg2 Kg6 35. Rh1 Re3 36. Rf1 Re2+ 37. Kg3 Kg5 38. Rf3 h4# 0-1

[Event "36. Copenhagen Open (Politiken Cup)"]
[Site "Elsinore"]
[Date "2014.07.22"]
[Round "3"]
[White "Veng, Johny"]
[Black "Kristiansen, Jens"]
[Result "1/2-1/2"]
[WhiteElo "2244"]
[BlackElo "2412"]
[PlyCount "96"]
[EventDate "2014.07.21"]
[EventType "swiss"]
[EventRounds "10"]
[EventCountry "DEN"]
[Source "ChessBase"]
[SourceDate "2014.08.29"]

1. Nf3 g6 2. g3 Bg7 3. Bg2 f5 4. d4 Nf6 5. O-O O-O 6. b3 Ne4 7. Bb2 d6 8. Nbd2
Nxd2 9. Qxd2 Nd7 10. e4 fxe4 11. Ng5 Nf6 12. Nxe4 Nxe4 13. Bxe4 d5 14. Bg2 Bf5
15. c3 Qd7 16. Rfe1 Rf7 17. c4 c6 18. cxd5 cxd5 19. Qa5 e6 20. Qd2 h6 21. Ba3
g5 22. f3 Kh7 23. Rac1 Rg8 24. Re3 h5 25. Bf1 g4 26. f4 Qd8 27. Bd3 Qf6 28. Bb2
Qg6 29. Qe2 Kh8 30. Bxf5 exf5 31. Qb5 Rd8 32. Re8+ Rxe8 33. Qxe8+ Kh7 34. Rc8
Rf8 35. Qd7 Rxc8 36. Qxc8 Qf7 37. Kf2 Kg6 38. Qd8 Bf6 39. Qd6 h4 40. Bc1 h3 41.
Be3 b6 42. a4 Qb7 43. Qe6 Qc7 44. Qg8+ Kh6 45. Qf8+ Qg7 46. Qd6 Qf7 47. Ke2 Kg7
48. b4 Kg6 1/2-1/2

[Event "36. Copenhagen Open (Politiken Cup)"]
[Site "Elsinore"]
[Date "2014.07.22"]
[Round "3"]
[White "Weeks, Manuel William"]
[Black "Koetz, Andreas"]
[Result "1-0"]
[WhiteElo "2206"]
[BlackElo "2031"]
[PlyCount "59"]
[EventDate "2014.07.21"]
[EventType "swiss"]
[EventRounds "10"]
[EventCountry "DEN"]
[Source "ChessBase"]
[SourceDate "2014.08.29"]

1. e4 c5 2. Nf3 Nc6 3. Nc3 e5 4. Bc4 Be7 5. d3 d6 6. O-O Nf6 7. Ng5 O-O 8. f4
h6 9. Nf3 Bg4 10. Qe1 Bxf3 11. gxf3 Nh5 12. fxe5 dxe5 13. Kh1 Nd4 14. Qf2 Bg5
15. Nd5 b5 16. Bb3 Nf4 17. Bxf4 Bxf4 18. Rg1 Kh7 19. Qg2 g5 20. Qh3 Qc8 21. Qh5
f6 22. Nxf4 exf4 23. Bf7 Rg8 24. c3 Nc2 25. Rac1 Ne3 26. Bxg8+ Qxg8 27. d4 Rd8
28. h4 g4 29. Qxc5 g3 30. Qc7+ 1-0

[Event "36. Copenhagen Open (Politiken Cup)"]
[Site "Elsinore"]
[Date "2014.07.22"]
[Round "3"]
[White "Westerlund, Ola"]
[Black "Jacobsen, Mikkel Manosri"]
[Result "0-1"]
[WhiteElo "1817"]
[BlackElo "2030"]
[PlyCount "45"]
[EventDate "2014.07.21"]
[EventType "swiss"]
[EventRounds "10"]
[EventCountry "DEN"]
[Source "ChessBase"]
[SourceDate "2014.08.29"]

1. d4 d5 2. c4 c6 3. Nf3 Nf6 4. e3 Bf5 5. Nc3 e6 6. a3 Nbd7 7. b3 Bd6 8. Bb2
O-O 9. Be2 Ne4 10. Nxe4 dxe4 11. Ne5 Bxe5 12. dxe5 Nc5 13. Qxd8 Rfxd8 14. b4
Nd3+ 15. Bxd3 Rxd3 16. Rd1 Rb3 17. Rd2 a5 18. bxa5 h5 19. Kd1 Rxa5 20. Kc2 Rb6
21. Rb1 Rc5 22. Rd4 Kh7 23. Bc3 0-1